| 000 | 00724nam a22002177a 4500 | ||
|---|---|---|---|
| 005 | 20251108173350.0 | ||
| 008 | 250721s2003 xx 000 0 ara d | ||
| 082 | 1 | 4 | _aط/211.2/محم |
| 100 | 1 | _aمحمد، الحافظ نور | |
| 245 | 1 | 0 | _aهداية الرحمن على قاعدة النور لتعليم القرآن / |
| 250 | _aط.4 مزيدة و منقحة | ||
| 264 | 1 |
_aاربد : _b]د.ن.[، _c2003. |
|
| 300 | _a39 ص. | ||
| 650 | 1 | 7 | _aالقرآن الكريم |
| 650 | 1 | 7 | _aقراءة القرآن |
| 650 | 1 | 7 | _aأحكام القرآن |
| 653 | _aأطفال مرحلة متوسطة : ( 6 - 9 ) سنوات | ||
| 700 | 1 | _aعنتر، محمد بن فوزي | |
| 942 |
_2ddc _cBK |
||
| 999 |
_c102197 _d102197 |
||